| Tag |
First Indicator |
Second Indicator |
Subfields |
| LEADER |
00000cam a2200000Ia 4500 |
| 001 |
in00002655844 |
| 005 |
20151202113825.0 |
| 008 |
110111s1810 mx 000 0 spa d |
| 035 |
|
|
|a (OCoLC)ocn863361353
|
| 035 |
|
|
|a (OCoLC)863361353
|
| 040 |
|
|
|a EQO
|b eng
|c EQO
|d TXA
|d UtOrBLW
|
| 043 |
|
|
|a n-mx---
|a e-sp---
|
| 049 |
|
|
|a TXAM
|
| 050 |
|
4 |
|a F1231
|b .D52 1810
|
| 100 |
1 |
|
|a Díaz Calvillo, Juan Bautista,
|d active 18th century-19th century.
|
| 245 |
1 |
0 |
|a Discurso sobre los males que puede causar la desunion entre españoles ultramarinos y americanos :
|b aprobado por el ilustre claustro de esta Real y Pontificia Universidad en el que se juntó la tarde del 4 de octubre de 1810 /
|c Escribíalo el P .D. Juan Bautista Diaz Calvillo, Doctor teólogo por la misma Universidad, y Presbítero de la Real Congregación de San Felipe Neri de esta Córte.
|
| 264 |
|
1 |
|a [Mexico] :
|b Reimpreso por D. Mariano de Zúñiga y Ontiveros,
|c Año de 1810.
|
| 300 |
|
|
|a 16 pages ;
|c 20 cm. (4°)
|
| 336 |
|
|
|a text
|b txt
|2 rdacontent
|
| 337 |
|
|
|a unmediated
|b n
|2 rdamedia
|
| 338 |
|
|
|a volume
|b nc
|2 rdacarrier
|
| 651 |
|
0 |
|a Mexico
|x Politics and government
|y 1810-1821.
|
| 651 |
|
0 |
|a Mexico
|x History
|y Wars of Independence, 1810-1821.
|
| 651 |
|
0 |
|a Spain
|x Colonies
|z America
|x History
|y 19th century.
|
| 650 |
|
0 |
|a Central-local government relations
|x Colonies
|z Spain.
|
| 651 |
|
0 |
|a Spain
|x Relations
|z America.
|
| 651 |
|
0 |
|a America
|x Relations
|z Spain.
|
| 700 |
1 |
|
|a Zúñiga y Ontiveros, Mariano José de,
|e printer.
|
| 752 |
|
|
|a Mexico
|d Mexico City.
|
| 948 |
|
|
|a cataloged
|b h
|c 2014/5/13
|d enhance
|e fpiscitelli
|f 7:19:49 pm
|
| 994 |
|
|
|a C0
|b TXA
|
| 999 |
|
|
|a MARS
|
| 999 |
f |
f |
|s aaf044ed-9bf7-3eb5-9701-94235bcdb977
|i 85745d04-777d-33db-9b4b-4b06014d79d0
|t 0
|